<?xml version="1.0" encoding="UTF-8"?>
<record
    xmlns:xsi="http://www.w3.org/2001/XMLSchema-instance"
    xsi:schemaLocation="http://www.loc.gov/MARC21/slim http://www.loc.gov/standards/marcxml/schema/MARC21slim.xsd"
    xmlns="http://www.loc.gov/MARC21/slim">

  <leader>02543nam a2200373 i 4500</leader>
  <controlfield tag="005">20220317000055.0</controlfield>
  <controlfield tag="007">ta</controlfield>
  <controlfield tag="008">200423s2001    sp ao  gr     000 0 spa d</controlfield>
  <datafield tag="020" ind1=" " ind2=" ">
    <subfield code="a">8483232057</subfield>
  </datafield>
  <datafield tag="040" ind1=" " ind2=" ">
    <subfield code="a">CO-BoRNBP</subfield>
    <subfield code="b">spa</subfield>
    <subfield code="e">rda</subfield>
    <subfield code="c">CO-BoRNBP</subfield>
  </datafield>
  <datafield tag="041" ind1="0" ind2=" ">
    <subfield code="a">spa</subfield>
  </datafield>
  <datafield tag="043" ind1=" " ind2=" ">
    <subfield code="a">s-ck---</subfield>
  </datafield>
  <datafield tag="082" ind1="0" ind2="4">
    <subfield code="a">612.609</subfield>
    <subfield code="b">P67h</subfield>
    <subfield code="2">23</subfield>
  </datafield>
  <datafield tag="100" ind1="1" ind2=" ">
    <subfield code="a">Potts, Malcolm</subfield>
    <subfield code="e">autor</subfield>
  </datafield>
  <datafield tag="245" ind1="1" ind2="0">
    <subfield code="a">Historia de la sexualidad : desde Ad&#xE1;n y Eva</subfield>
    <subfield code="c">Malcolm Potts, Roger Short ; traducido por Carmen Mart&#xED;nez Gimeno</subfield>
  </datafield>
  <datafield tag="250" ind1=" " ind2=" ">
    <subfield code="a">Primera edici&#xF3;n</subfield>
  </datafield>
  <datafield tag="264" ind1=" " ind2="1">
    <subfield code="a">Madrid,Espa&#xF1;a</subfield>
    <subfield code="b">Cambridge University Press</subfield>
    <subfield code="c">2001</subfield>
  </datafield>
  <datafield tag="300" ind1=" " ind2=" ">
    <subfield code="a">398 p&#xE1;ginas</subfield>
    <subfield code="b">ilustraciones y fotograf&#xED;as a color y en blanco y negro</subfield>
    <subfield code="c">20 cm</subfield>
  </datafield>
  <datafield tag="336" ind1=" " ind2=" ">
    <subfield code="a">texto</subfield>
    <subfield code="b">txt</subfield>
    <subfield code="2">rdacontent</subfield>
  </datafield>
  <datafield tag="337" ind1=" " ind2=" ">
    <subfield code="a">sin mediaci&#xF3;n</subfield>
    <subfield code="b">n</subfield>
    <subfield code="2">rdamedia</subfield>
  </datafield>
  <datafield tag="338" ind1=" " ind2=" ">
    <subfield code="a">volumen</subfield>
    <subfield code="b">nc</subfield>
    <subfield code="2">rdacarrier</subfield>
  </datafield>
  <datafield tag="500" ind1=" " ind2=" ">
    <subfield code="a">Incluye &#xED;ndice anal&#xED;tico</subfield>
  </datafield>
  <datafield tag="504" ind1=" " ind2=" ">
    <subfield code="a">Incluye referencias bibliogr&#xE1;ficas</subfield>
  </datafield>
  <datafield tag="505" ind1="1" ind2=" ">
    <subfield code="a">Los comienzos -- El primate pol&#xED;gino -- Sexo y g&#xE9;nero -- Amor y matrimonio -- Sexo y embarazo -- Nacimiento y lactancia -- Crecer -- La civilizaci&#xF3;n del sexo -- Sexo y poder -- Morir de amor -- Sexo y mortalidad -- Demasiada gente -- El animal que llevamo</subfield>
  </datafield>
  <datafield tag="520" ind1=" " ind2=" ">
    <subfield code="a">Los poetas, antiguos y modernos, han tratado de describir nuestras pasiones sexuales. los expertos en leyes, de regularlas. y los sacerdotes, de controlarlas. En nuestras vidas privadas, el sexo puede aportar una gran compa&#xF1;&#xED;a o una soledad completa. Puede abrir una ventana al cielo o una trampa al infierno. No es de extra&#xF1;ar que nuestro deseo sexual sea, para muchos, la m&#xE1;s temida de nuestras emociones y, de ah&#xED;, la m&#xE1;s reprimida. Pero Malcolm Potts y Roger Short, como cient&#xED;ficos, pretender sobre todo comprender nuestras pasiones y explicarlas. En este libro se completan los hitos del ciclo vital: enamoramiento, matrimonio, relaciones sexuales, concepci&#xF3;n, embarazo, parto, pubertad, paternidad y maternidad, menopausia y muerte. De cada uno de ellos se preguntan cu&#xE1;les son las bases biol&#xF3;gicas que subyacen a nuestra conducta, c&#xF3;mo han cimentado estas bases las diversas culturas antiguas y contempor&#xE1;neas, y qu&#xE9; se puede extraer que le ayude a resolver los problemas actuales, tanto del individuo como de la comunidad en general</subfield>
  </datafield>
  <datafield tag="521" ind1=" " ind2=" ">
    <subfield code="a">Recomendado para p&#xFA;blico juvenil adulto</subfield>
  </datafield>
  <datafield tag="650" ind1="1" ind2="7">
    <subfield code="a">Embarazo</subfield>
    <subfield code="2">ARMARC</subfield>
  </datafield>
  <datafield tag="650" ind1="1" ind2="7">
    <subfield code="a">Maternidad</subfield>
    <subfield code="2">ARMARC</subfield>
  </datafield>
  <datafield tag="650" ind1="1" ind2="7">
    <subfield code="a">Matrimonio</subfield>
    <subfield code="2">ARMARC</subfield>
  </datafield>
  <datafield tag="650" ind1="1" ind2="7">
    <subfield code="a">Menopausia</subfield>
    <subfield code="2">ARMARC</subfield>
  </datafield>
  <datafield tag="700" ind1="1" ind2=" ">
    <subfield code="a">Short, Roger</subfield>
    <subfield code="9">176344</subfield>
  </datafield>
  <datafield tag="700" ind1="1" ind2=" ">
    <subfield code="a">Mart&#xED;nez Gimeno, Carmen</subfield>
    <subfield code="e">traductora</subfield>
    <subfield code="9">176345</subfield>
  </datafield>
  <datafield tag="942" ind1=" " ind2=" ">
    <subfield code="2">ddc</subfield>
    <subfield code="c">BK</subfield>
  </datafield>
  <datafield tag="999" ind1=" " ind2=" ">
    <subfield code="c">3052</subfield>
    <subfield code="d">3052</subfield>
  </datafield>
</record>
